Espectros de Marx : (Record no. 10744)

MARC details
000 -LEADER
fixed length control field 00795nam a22002177a 4500
005 - DATE AND TIME OF LATEST TRANSACTION
control field 20250225132353.0
008 - FIXED-LENGTH DATA ELEMENTS--GENERAL INFORMATION
fixed length control field 210616b ||||| |||| 00| 0 spa d
020 ## - INTERNATIONAL STANDARD BOOK NUMBER
International Standard Book Number 84-8164-064-6
040 ## - CATALOGING SOURCE
Transcribing agency AR-FvUNAJ
082 14 - DEWEY DECIMAL CLASSIFICATION NUMBER
Edition number 14
Classification number 335.4
100 1# - MAIN ENTRY--PERSONAL NAME
Personal name Derrida, Jacques
Dates associated with a name 1930-2004
9 (RLIN) 21248
245 10 - TITLE STATEMENT
Title Espectros de Marx :
Remainder of title el Estado de la deuda, el trabajo del duelo y la nueva Internacional /
Statement of responsibility, etc Jacques Derrida; traductores José Miguel Alarcón y Cristina de Peretti
260 ## - PUBLICATION, DISTRIBUTION, ETC. (IMPRINT)
Place of publication, distribution, etc Madrid:
Name of publisher, distributor, etc Trotta,
Date of publication, distribution, etc 1995
300 ## - PHYSICAL DESCRIPTION
Extent 196 p.
440 ## - SERIES STATEMENT/ADDED ENTRY--TITLE
9 (RLIN) 21249
Title Filosofía
Name of part/section of a work Colección Estructuras y Procesos
650 17 - SUBJECT ADDED ENTRY--TOPICAL TERM
Source of heading or term unescot
9 (RLIN) 813
Topical term or geographic name as entry element MARXISMO
650 27 - SUBJECT ADDED ENTRY--TOPICAL TERM
Source of heading or term unescot
9 (RLIN) 839
Topical term or geographic name as entry element IDEOLOGIA
700 1# - ADDED ENTRY--PERSONAL NAME
9 (RLIN) 21250
Personal name Alarcón, José Miguel
Relator term trad.
700 1# - ADDED ENTRY--PERSONAL NAME
9 (RLIN) 21252
Personal name Peretti, Cristina de
Relator term trad.
942 ## - ADDED ENTRY ELEMENTS (KOHA)
Source of classification or shelving scheme Dewey Decimal Classification
Item type Libro, folleto, traducción
980 ## - EQUIVALENCE OR CROSS-REFERENCE-SERIES STATEMENT--PERSONAL NAME/TITLE [LOCAL, CANADA]
Linkage 19226
Personal name Palazón Marcela I.
Field link and sequence number 19226
Miscellaneous information Palazón Marcela I.
Holdings
Withdrawn status Lost status Source of classification or shelving scheme Damaged status Not for loan Home library Current library Date acquired Total Checkouts Full call number Barcode Date last seen Copy number Price effective from Koha item type
    Dewey Decimal Classification     Biblioteca Central Biblioteca Central 25/02/2025   335.4 DER UNAJ25020209 25/02/2025 1 25/02/2025 Libro, folleto, traducción

Lunes a Viernes 8:30 a 19:00 hs. Cerrado por mudanza
Av.Calchaqui 6200 Florencio Varela (CP188) 2°piso Edificio Mosconi Aula 209-210
Mail: bibliotecacentralunaj@gmail.com  
Whatsapp(54 9)1122668024    ❔Pregunte a la bibliotecaria
© Universidad Nacional Arturo Jauretche | Secretaría Académica | Biblioteca Central UNAJ